Το Κατόρθωμα της Επικοινωνίας (Record no. 433)
[ view plain ]
| 000 -LEADER | |
|---|---|
| fixed length control field | 01171cam a22001814a 4500 |
| 005 - ΗΜΕΡΟΜΗΝΙΑ ΚΑΙ ΩΡΑ ΤΕΛΕΥΤΑΙΑΣ ΕΝΗΜΕΡΩΣΗΣ | |
| Πεδίο ελέγχου | 20250605163934.0 |
| 008 - FIXED-LENGTH DATA ELEMENTS--GENERAL INFORMATION | |
| Πεδίο ελέγχου σταθερού μήκους | 250528s ||||||||||||||||||||||||d |
| 035 ## - SYSTEM CONTROL NUMBER | |
| System control number | 14819 |
| 040 ## - ΠΗΓΗ ΚΑΤΑΛΟΓΟΓΡΑΦΗΣΗΣ | |
| Φορέας πρωτότυπης καταλογογράφησης | MC Athens Campus Library |
| Γλώσσα καταλογογράφησης | Ελληνικά, Μοντέρνα (1453-) |
| Modifying agency | MC Athens Campus Library |
| Κανόνες περιγραφικής καταλογογράφησης | AACR2 |
| 245 1# - ΤΙΤΛΟΣ ΚΑΙ ΔΗΛΩΣΗ ΥΠΕΥΘΥΝΟΤΗΤΑΣ | |
| Τίτλος | Το Κατόρθωμα της Επικοινωνίας |
| 260 ## - PUBLICATION, DISTRIBUTION, ETC. | |
| Name of publisher, distributor, etc. | Interbooks, |
| Date of publication, distribution, etc. | 1992 |
| 300 ## - PHYSICAL DESCRIPTION | |
| Extent | 176 |
| 520 ## - SUMMARY, ETC. | |
| Summary, etc. | Ο Πύργος της Βαβέλ, Η Γενεαλογία του Όρου Επικοινωνία, Η Τέχνη της Επικοινωνίας και η Δεοντολογία της, Τα Αυτοδύναμα Επίπεδα της Επικοινωνίας, Γνώση και Σχέση, Ο Νόμος της Πειστικότητας, Το Νόημα της Πειστικότητας, Η Αμεσότητα των Μέσων Πληροφόρησης, Η Δύναμη των Μέσων Επικοινωνίας, Πραγματικότητα και Μύθοι, Η Πνευματική Επικοινωνία, Το Κατόρθωμα της Επικοινωνίας, Από τη Βιβλιογραφία. |
| 700 1# - ΠΡΟΣΘΕΤΗ ΑΝΑΓΡΑΦΗ--ΦΥΣΙΚΟ ΠΡΟΣΩΠΟ | |
| Personal name | Φερούσης Δημήτρης |
| 9 (RLIN) | 579 |
| 942 ## - ADDED ENTRY ELEMENTS (KOHA) | |
| Koha item type | Books |
| Τύπος τεκμηρίου | Βιβλιοθήκη | Τρέχουσα τοποθεσία | Barcode | Αριθμός εισαγωγής | Ημερομηνία απόκτησης | Ταξιθετικό σύμβολο | Αριθμός αντιτύπου | Κατάσταση απόσυρσης | Κατάσταση χαμένου | Κατάσταση κατεστραμμένου | Μη δανεισμός | Σύνολο δανεισμών | Ημερομηνία τελευταίας εμφάνισης | Η τιμή ισχύει από |
|---|---|---|---|---|---|---|---|---|---|---|---|---|---|---|
| Books | MC Athens Campus Library | MC Athens Campus Library | 9780000004321 | 5199 | 05/06/2025 | 302.2 FER | 1 | 05/06/2025 | 05/06/2025 |